| 000 | 00388 a2200145 4500 | ||
|---|---|---|---|
| 020 | _a969519124x | ||
| 082 | _a297.1226 | ||
| 090 |
_c5923 _d5923 |
||
| 100 | _aIzustsu, Toshihiko | ||
| 245 |
_aEthich-Religious Concept in The QURAN _cToshihiko Izutsu |
||
| 260 |
_aLahore _bAuhail Academy Lahore Pakistan _c2005 |
||
| 300 | _a332 | ||
| 500 | _aHardcover | ||
| 942 |
_aNBS _cBK _k297.1226 IZU |
||
| 999 |
_c348316 _d348316 |
||